000 00413nam a22001697a 4500
005 20160520095300.0
008 160520b xxu||||| |||| 00| 0 eng d
020 _a978-0-07-068181-1
041 _aeng
082 _b3366
100 _aKumar K.L. & Kumar Veenu
_9842
245 _aEngineering Mechanics
260 _aNew Delhi
_bTMH,
_c2011
300 _a675
650 _aDIPLOMA ENGINEERING
_9817
942 _cBK
999 _c1155
_d1155